MARC

LEADER 00000cam a22000004a 4500
001 musev2_6908
003 MdBmJHUP
005 20230905040812.0
006 m o d
007 cr||||||||nn|n
008 021009s2003 iau o 00 0 eng d
010 |z  2002040839 
020 |a 9781587294334 
020 |z 9780877458494 
020 |z 9781587296093 
035 |a (OCoLC)56109453 
040 |a MdBmJHUP  |c MdBmJHUP 
043 |a n-us-ia  |a n-us-in  |a n-us--- 
050 0 4 |a E507.5 36th  |b .V47 2003 
082 0 |a 973.7/477/0922  |a B  |2 21 
100 1 |a Vermilion, William,  |d 1830-1894. 
245 1 0 |a Love amid the Turmoil :   |b The Civil War Letters of William and Mary Vermilion /   |c edited by Donald C. Elder, III. 
264 1 |a Iowa City :  |b University of Iowa Press,  |c 2003. 
264 3 |a Baltimore, Md. :  |b Project MUSE,   |c 2012 
264 4 |c ©2003. 
300 |a 1 online resource (407 pages):   |b ill. ; 
336 |a text  |b txt  |2 rdacontent 
337 |a computer  |b c  |2 rdamedia 
338 |a online resource  |b cr  |2 rdacarrier 
504 |a Includes bibliographical references and index. 
588 |a Description based on print version record. 
600 1 0 |a Vermilion, Mary,  |d 1831-1883  |v Correspondence. 
600 1 0 |a Vermilion, William,  |d 1830-1894  |v Correspondence. 
610 1 0 |a United States.  |b Army.  |b Iowa Infantry Regiment, 36th (1862-1865) 
650 0 |a Soldiers  |z Iowa  |v Correspondence. 
650 0 |a Married people  |z Iowa  |v Correspondence. 
651 0 |a United States  |x History  |y Civil War, 1861-1865  |x Social aspects. 
651 0 |a Indiana  |x History  |y Civil War, 1861-1865  |x Social aspects. 
651 0 |a Iowa  |x History  |y Civil War, 1861-1865  |x Social aspects. 
651 0 |a United States  |x History  |y Civil War, 1861-1865  |v Personal narratives. 
651 0 |a Iowa  |x History  |y Civil War, 1861-1865  |v Personal narratives. 
655 7 |a Electronic books.   |2 local 
700 1 |a Elder, Donald C.,  |d 1952- 
700 1 |a Vermilion, Mary,  |d 1831-1883. 
710 2 |a Project Muse.  |e distributor 
830 0 |a Book collections on Project MUSE. 
856 4 0 |z Texto completo  |u https://projectmuse.uam.elogim.com/book/6908/ 
945 |a Project MUSE - Custom Collection 
945 |a Project MUSE - Archive Complete Foundation 
945 |a Project MUSE - Archive US Regional Studies, Midwest Foundation